[Event "Plzen Calliditas op"]
[Site "Plzen"]
[Date "2020.08.25"]
[Round "4"]
[White "Navratil, Ladislav"]
[Black "Jares, Michal"]
[Result "0-1"]
[WhiteElo "1746"]
[BlackElo "1906"]
[PlyCount "70"]
[EventDate "2020.08.23"]
[EventType "swiss"]
[EventRounds "9"]
[EventCountry "CZE"]
[SourceTitle "CBM 198 Extra"]
[Source "ChessBase"]
[SourceDate "2020.11.30"]
[SourceVersion "1"]
[SourceVersionDate "2020.11.30"]
[SourceQuality "1"]

1. c4 e6 2. Nf3 b6 3. Nc3 Bb7 4. d4 f5 5. b3 Nf6 6. Bb2 Be7 7. e3 0-0 8. d5 Na6 9. dxe6 dxe6 10. Ng5 Nc5 11. Qc2 h6 12. Nf3 Nce4 13. Nd4 Qc8 14. f3 Nxc3 15. Bxc3 c5 16. Ne2 Nh5 17. Be5 Qe8 18. Ng3 Bf6 19. Bxf6 Nxg3 20. hxg3 Rxf6 21. Bd3 Qe7 22. 0-0-0 Rd8 23. Rh4 Rg6 24. Rh3 Qc7 25. e4 Rxg3 26. Rxg3 Qxg3 27. exf5 Qf4+ 28. Rd2 e5 29. Be4 Bxe4 30. fxe4 Rd4 31. Qd1 Kf7 32. g3 Qe3 33. Kc2 Qxe4+ 34. Kb2 Rxd2+ 35. Qxd2 Qd4+ 0-1

[Event "Policka op"]
[Site "Policka"]
[Date "2015.07.04"]
[Round "1"]
[White "Navratil, Ladislav"]
[Black "Cerveny, Petr"]
[Result "0-1"]
[WhiteElo "1701"]
[BlackElo "2289"]
[PlyCount "66"]
[EventDate "2015.07.04"]
[EventType "swiss"]
[EventRounds "9"]
[EventCountry "CZE"]
[SourceTitle "CBM 167 Extra"]
[Source "ChessBase"]
[SourceDate "2015.09.14"]
[SourceVersion "1"]
[SourceVersionDate "2015.09.14"]
[SourceQuality "1"]

1. d4 d6 2. e4 g6 3. Nf3 Bg7 4. Be3 c5 5. c3 cxd4 6. Bxd4 Nf6 7. Nbd2 Nc6 8. Be3 Ng4 9. Qe2 Nxe3 10. Qxe3 0-0 11. h3 Rb8 12. a3 b5 13. Be2 a5 14. 0-0 b4 15. cxb4 axb4 16. Rab1 bxa3 17. bxa3 Ra8 18. Rfc1 Na5 19. a4 Be6 20. Nd4 Bc8 21. Nc4 Nxc4 22. Rxc4 Bd7 23. Rbb4 Qa5 24. Nb3 Qa7 25. Qc1 Rfb8 26. a5 Be6 27. Qa3 Bxc4 28. Bxc4 Rxb4 29. Qxb4 Rb8 30. Qd2 Qc7 31. Qd3 Rb4 32. Bd5 e6 33. Ba8 Qb8 0-1